00317nam a2200097Ia 4500008004100000020003000041082002200071100003300093245006900126300002400195210430s9999 xx 000 0 und d a9781569905128 (hardcover) a668.4120685 F331F aPeter K. Kennedy, Rong Zheng aFlow analysis of injection molds /cPeter K, Kennedy, Rong Zheng axxviii, 349 pages :